Principles of Statutory Interpretation : (Record no. 94068)

MARC details
000 -LEADER
fixed length control field 00970nam a22002537a 4500
005 - DATE AND TIME OF LATEST TRANSACTION
control field 20150728124717.0
008 - FIXED-LENGTH DATA ELEMENTS--GENERAL INFORMATION
fixed length control field 150603b xxu||||| |||| 00| 0 eng d
010 ## - LCCN (DPL NO)
LC control number ENG-113185
020 ## - INTERNATIONAL STANDARD BOOK NUMBER
International Standard Book Number 9788180386466
Terms of availability 3295.00
035 ## - SYSTEM CONTROL NUMBER
System control number EN-96717
037 ## - SOURCE OF ACQUISITION
Source of stock number/acquisition DBAD/PUB
037 ## - SOURCE OF ACQUISITION
Source of stock number/acquisition Allied Pub/Ven
040 ## - CATALOGING SOURCE
Original cataloging agency DPL
Language of cataloging Eng
082 ## - DEWEY DECIMAL CLASSIFICATION NUMBER
Classification number 348.54022
100 ## - MAIN ENTRY--PERSONAL NAME
Personal name Guru Prasanna Singh
9 (RLIN) 17274
245 ## - TITLE STATEMENT
Title Principles of Statutory Interpretation :
Statement of responsibility, etc by Guru Prasanna Singh
Remainder of title also including th e general clauses act, 1897 with notes /
250 ## - EDITION STATEMENT
Edition statement 13th rev. & enl. ed
260 ## - PUBLICATION, DISTRIBUTION, ETC. (IMPRINT)
Place of publication, distribution, etc Gurgaon
Name of publisher, distributor, etc Lexisnexis
Date of publication, distribution, etc 2012
270 ## - ADDRESS
Address 14th Floor, Building No. 10, Tower-B, DLF Cyber City, Phase-II
City Gurgaon
Postal code 122002
300 ## - PHYSICAL DESCRIPTION
Extent ccclxix,1252p.
Dimensions 25cm(Hb)
500 ## - GENERAL NOTE
General note Includes index
942 ## - ADDED ENTRY ELEMENTS (KOHA)
Source of classification or shelving scheme Dewey Decimal Classification
Item type English Books
Call number suffix GUR
Classification part 348.54022
Holdings
Withdrawn status Lost status Source of classification or shelving scheme Damaged status Not for loan Collection code Home library Current library Date acquired Source of acquisition Cost, normal purchase price Total Checkouts Full call number Barcode Date last seen Copy number Cost, replacement price Koha item type
    Dewey Decimal Classification   Not For Loan Non-fiction D.B.Act.Division D.B.Act.Division 03/06/2015 DBAD/PUB 3295.00   348.54022 GUR EN-96717 03/06/2015 1 3295.00 English Books

© Delhi Public Library
Hit Counter
free hit counter